000 00607nam a2200205 i 4500
001 bg
100 1 _aUPCHURCH, Alan
245 1 0 _aManagement accounting :
_bprinciples and practice /
_cAlan Upchurch.
260 _aLondon [et al.] :
_bFinancial Times,
_c1998.
300 _aXIV, 706 s. :
_brys., wykr. ;
_c25 cm.
504 _aBibliogr., summ. przy rozdz. - Indeks.
650 9 _aRachunkowość zarządcza
020 _a0273622269
040 _cBPK
041 0 _aen
_ben
080 _a657::66/69:658.14/.17.011
920 _a0-273-62226-9
942 _cKS
008 s pl f |000 0 pol
999 _c33469
_d33469
856 _uhttp://koha.tu.koszalin.pl/cgi-bin/koha/opac-detail.pl?biblionumber=33469
_yKatalog online BPK